Estadísticas para Comarcas de la Comunidad Valenciana

Haz click aquí para intentar la prueba.

Estadísticas generales

  • Esta prueba ha sido intentada 198 veces
    (156 desde el último reinicio)
  • La puntuación promedio es 18 de 33

Estadísticas de respuestas

Comarcas% Correcto
Huerta Norte
80%
Huerta Sur
79%
Campo de Alicante
65%
Ciudad de Valencia
65%
Marina Alta
65%
Marina Baja
65%
Ribera Alta
65%
Ribera Baja
65%
Safor
65%
Alto Vinalopó
63%
Bajo Vinalopó
63%
Plana Baja
60%
Plana Alta
59%
Alto Maestrazgo
55%
Bajo Maestrazgo
55%
Hoya de Alcoy
55%
Alto Palancia
54%
Costera
54%
Los Puertos
54%
Vinalopó Medio
53%
Bajo Segura
52%
Plana de Utiel
52%
Valle de Albaida
52%
Hoya de Buñol
50%
Campo de Morvedre
49%
Campo de Turia
47%
Condado de Cocentaina
45%
Rincón de Ademuz
45%
Alcalatén
43%
Alto Mijares
42%
Los Serranos
38%
Canal de Navarrés
35%
Valle de Cofrentes
30%

Distribución de puntuación

Porcentaje por número respondido

Porcentaje de gente con cada puntuación

Historial de tus puntuaciones

No has intentado esta prueba desde el último reinicio